| 000 | 01056cam a2200265 i 4500 | ||
|---|---|---|---|
| 003 | SA-RiAUC | ||
| 005 | 20250710072651.0 | ||
| 008 | 250701q19001999ua g 000r0 ara c | ||
| 040 |
_aSA-MaMIU _bara _cSA-RiAUC _erda |
||
| 043 | _af-ua--- | ||
| 082 | 0 | 4 | _a214.340962 |
| 090 |
_a214.340962 _b ا ح م |
||
| 100 | 0 |
_aأحمد محمد شاكر، _d1892-1958 _eمؤلف. |
|
| 245 | 1 | 2 |
_aالكتاب والسنة يجب أن يكونا مصدر القوانين في مصر ؛ _bومعه، الشرع واللغة / _cبقلم أحمد محمد شاكر. |
| 264 | 1 |
_aالقاهرة : _bدار الكتب السلفية، _c[بين 1900 و1999] |
|
| 300 |
_a94 صفحة ؛ _c23 × 15 سم. |
||
| 336 |
_aنص _btxt _2rdacontent _3كتاب |
||
| 337 |
_aبدون وسيط _bn _2rdamedia |
||
| 338 |
_aمجلد _bnc _2rdacarrier |
||
| 490 | 0 | _aوكلمة الله هي العليا | |
| 650 | 7 |
_aالإسلام والقانون _zمصر _2aucsh |
|
| 740 | 2 | 2 | _aالشرع واللغة. |
| 942 |
_2ddc _cBOOK _n0 |
||
| 949 |
_aSA-JeALM _d250701 _umohamedma123 _n1 |
||
| 999 |
_c9724 _d9724 |
||